000 00490nam a22001697a 4500
005 20251108165259.0
008 250721s1995 xx 000 0 ara d
082 1 4 _a956.462/يعق
100 1 _aيعقوب، نصر
245 1 0 _aقرية أبو وشه /
264 1 _aرام الله :
_bجامعة بيرزيت،
_c1995.
300 _a276ص
490 0 _aالقرى الفلسطينيه المدمره ؛18
650 1 7 _aتاريخ فلسطين
942 _2ddc
_cBK
999 _c23988
_d23988